| 000 | 00000nam 2200000za 4500 |
| 001 | 9.860778 |
| 003 | CaOODSP |
| 005 | 20230201095212 |
| 007 | cr ||||||||||| |
| 008 | 180817s2018 onca o f000 0 fre d |
| 020 | |z9780660269467 |
| 040 | |aCaOODSP|bfre |
| 043 | |an-cn--- |
| 086 | 1 |aPS64-150/2018F-PDF|zPS64-151/2018 |
| 245 | 02|aL'intimidation |h[ressource électronique]. |
| 260 | |a[Ottawa] : |bGendarmerie royale du Canada, |cc2018. |
| 300 | |a[1] p. : |bill. en coul. |
| 500 | |aPubl. aussi en anglais sous le titre : Bullying. |
| 500 | |aLe n° de catalogue (PS64-151/2018) et l'ISBN (978-0-660-26946-7) imprimés dans cette publication sont incorrects. |
| 530 | |aÉgalement publ. en version imprimée. |
| 692 | 07|2gccst|aIntimidation |
| 692 | 07|2gccst|aPrévention |
| 710 | 2 |aGendarmerie royale du Canada. |
| 775 | 08|tBullying |w(CaOODSP)9.860776 |
| 776 | 0#|tIntimidation|w(CaOODSP)9.857787 |
| 856 | 40|qPDF|s5.55 Mo|uhttps://publications.gc.ca/collections/collection_2018/grc-rcmp/PS64-150-2018-fra.pdf |